[Event "RA March op"]
[Site "Ottawa CAN"]
[Date "2020.02.29"]
[Round "3"]
[White "Han, Johnathan"]
[Black "Mahdjoubi, Abdelaziz"]
[Result "1-0"]
[WhiteElo "2133"]
[BlackElo "1955"]
[PlyCount "107"]
[EventDate "2020.02.28"]
[EventType "swiss"]
[EventRounds "5"]
[EventCountry "CAN"]

1. e4 e5 2. Nf3 Nc6 3. Bc4 Bc5 4. c3 Nf6 5. d3 d6 6. Bb3 Ne7 7. Nbd2 Ng6 8. Nf1
c6 9. Ng3 O-O 10. O-O d5 11. exd5 Nxd5 12. Ne4 Bb6 13. c4 Nb4 14. Nfg5 Bf5 15.
Nxh7 Bxe4 16. Nxf8 Bxd3 17. Nxg6 Qf6 18. a3 Bxf1 19. Qxf1 Nd3 20. Ne7+ Kf8 21.
Be3 Bxe3 22. Qxd3 Qxf2+ 23. Kh1 Kxe7 24. Rf1 Rd8 25. Qb1 Qh4 26. c5 Bf4 27. g3
Qh3 28. Rf2 Rd2 29. Qe1 Rxf2 30. Qxf2 f6 31. Bc2 Bxg3 32. Qxg3 Qf1+ 33. Qg1
Qf3+ 34. Qg2 Qxg2+ 35. Kxg2 Ke6 36. Bb3+ Kf5 37. Kf3 e4+ 38. Ke3 Ke5 39. Bf7 f5
40. b4 f4+ 41. Kd2 Kd4 42. Bh5 a5 43. bxa5 Kxc5 44. Kc3 Kb5 45. Kd4 e3 46. Ke4
g5 47. Kf5 Kxa5 48. Bd1 f3 49. Bxf3 Ka4 50. Kxg5 Kxa3 51. Kf4 Kb4 52. h4 Kc5
53. h5 Kd6 54. h6 1-0

[Event "RA Winter op"]
[Site "Ottawa  CAN"]
[Date "2020.01.17"]
[Round "2.3"]
[White "Yao, Houji"]
[Black "Han, Johnathan"]
[Result "0-1"]
[WhiteElo "2231"]
[BlackElo "2010"]
[PlyCount "118"]
[EventDate "2020.01.17"]
[EventType "swiss"]
[EventRounds "5"]
[EventCountry "CAN"]

1. e4 c5 2. Nf3 d6 3. d4 cxd4 4. Nxd4 Nf6 5. Nc3 a6 6. Bg5 e6 7. f4 Be7 8. Qf3
Qc7 9. O-O-O Nbd7 10. g4 b5 11. Bxf6 Nxf6 12. g5 Nd7 13. f5 Bxg5+ 14. Kb1 Ne5
15. Qh5 Qd8 16. Nxe6 Bxe6 17. fxe6 O-O 18. Bh3 g6 19. exf7+ Rxf7 20. Qe2 Kh8
21. Rdf1 Raa7 22. Be6 Rxf1+ 23. Rxf1 Qe8 24. Bb3 Bh6 25. Qf2 Qb8 26. Rd1 Bg7
27. Nd5 Rf7 28. Qe2 Qf8 29. h4 Rf2 30. Qe3 Ng4 31. Qg3 h5 32. Nc7 Be5 33. Qd3
Rf3 34. Qd2 Qf6 35. Qd5 Kh7 36. a3 Ne3 37. Qg8+ Kh6 38. Rg1 Ng4 39. Ne8 Qxh4
40. Bf7 Rxf7 41. Qxf7 Qh2 42. Rf1 Ne3 43. Qf8+ Kg5 44. Qe7+ Kg4 45. Qe6+ Kh4
46. Rc1 g5 47. Nf6 Ng2 48. Qf5 Nf4 49. Nh7 g4 50. Ng5 Nd3 51. Rf1 Nxb2 52. Ne6
Nc4 53. Qg5+ Kg3 54. Rc1 Nxa3+ 55. Ka2 Nxc2 56. Kb3 Na1+ 57. Kb4 Qb2+ 58. Ka5
Qxc1 59. Qxh5 Nb3+ 0-1

[Event "RA Winter op"]
[Site "Ottawa  CAN"]
[Date "2020.01.19"]
[Round "4.5"]
[White "Simic, Dusan"]
[Black "Han, Johnathan"]
[Result "0-1"]
[WhiteElo "2142"]
[BlackElo "2010"]
[PlyCount "110"]
[EventDate "2020.01.17"]
[EventType "swiss"]
[EventRounds "5"]
[EventCountry "CAN"]

1. e4 c5 2. a3 e6 3. b4 cxb4 4. axb4 Bxb4 5. Bb2 Nf6 6. e5 Nd5 7. c4 Ne7 8. Nc3
Nbc6 9. Nf3 O-O 10. Bd3 Ng6 11. O-O d6 12. Na2 Ba5 13. Bxg6 hxg6 14. exd6 Qxd6
15. Nc3 Qd8 16. d4 Ne7 17. Ne4 Bc7 18. Ra3 b6 19. Re1 f6 20. Rd3 b5 21. cxb5
Nd5 22. Nc5 Re8 23. Bc1 Ba5 24. Bd2 Bb6 25. Ra3 Qd6 26. Qc1 Bd7 27. Ne4 Qe7 28.
Rb3 Rac8 29. Qb1 g5 30. h3 Qf8 31. Rc1 Nf4 32. Bxf4 gxf4 33. Rbc3 Rxc3 34. Rxc3
Rd8 35. Nc5 Bc8 36. Qc1 Qd6 37. Nd3 Bb7 38. Qxf4 Bxf3 39. Qxf3 Qxd4 40. Nf4 Qe5
41. Rd3 Rxd3 42. Nxd3 Qxb5 43. Qa8+ Kh7 44. Qe4+ Qf5 45. Qc4 e5 46. Nc5 a5 47.
Kf1 a4 48. Ne4 a3 49. f3 Qf4 50. Qf7 Qc1+ 51. Ke2 Qe3+ 52. Kd1 Qg1+ 53. Kc2
Qxg2+ 54. Kb3 Qxf3+ 55. Nc3 Bd4 0-1

[Event "RA Winter op"]
[Site "Ottawa  CAN"]
[Date "2020.01.19"]
[Round "5.2"]
[White "Van Rooy, Jake"]
[Black "Han, Johnathan"]
[Result "1/2-1/2"]
[WhiteElo "2052"]
[BlackElo "2010"]
[PlyCount "60"]
[EventDate "2020.01.17"]
[EventType "swiss"]
[EventRounds "5"]
[EventCountry "CAN"]

1. Nf3 Nf6 2. c4 e6 3. g3 b6 4. Bg2 Bb7 5. O-O Be7 6. Nc3 O-O 7. d4 Ne4 8. Nxe4
Bxe4 9. Nh4 Bxg2 10. Nxg2 d5 11. Qc2 c5 12. Rd1 dxc4 13. dxc5 Qc8 14. Be3 Bxc5
15. Bxc5 Qxc5 16. Ne3 Nc6 17. Qxc4 Qxc4 18. Nxc4 Rfd8 19. Nd6 Rd7 20. Nb5 Rad8
21. Rxd7 Rxd7 22. Rc1 Ne7 23. Kg2 f6 24. Rc7 Rxc7 25. Nxc7 Kf7 26. Nb5 Nc6 27.
Kf3 Ke7 28. Ke4 Kd7 29. f4 a6 30. Nd4 Nxd4 1/2-1/2

[Event "Wch-U10"]
[Site "Weifang CHN"]
[Date "2019.08.28"]
[Round "7.9"]
[White "Lu, Miaoyi"]
[Black "Han, Johnathan"]
[Result "1/2-1/2"]
[WhiteElo "1950"]
[BlackElo "1579"]
[PlyCount "97"]
[EventDate "2019.08.21"]
[EventType "swiss"]
[EventRounds "11"]
[EventCountry "CHN"]
[Source "ChessMix"]
[SourceDate "2019.09.20"]

1. d4 Nf6 {[%emt 0:00:17]} 2. c4 {[%emt 0:00:04]} b6 {[%emt 0:00:21]} 3. d5 {
[%emt 0:09:47]} e6 {[%emt 0:01:29]} 4. a3 {[%emt 0:02:26]} Bb7 {[%emt 0:00:35]}
5. Nc3 {[%emt 0:00:10]} Be7 {[%emt 0:01:49]} 6. e4 {[%emt 0:01:32]} d6 {
[%emt 0:02:41]} 7. Nf3 {[%emt 0:04:30]} O-O {[%emt 0:01:50]} 8. Bd3 {
[%emt 0:00:16]} Nbd7 {[%emt 0:01:38]} 9. b4 {[%emt 0:03:59]} exd5 {
[%emt 0:02:18]} 10. exd5 {[%emt 0:00:45]} Re8 {[%emt 0:01:23]} 11. O-O {
[%emt 0:00:51]} Bf8 {[%emt 0:01:53]} 12. h3 {[%emt 0:03:01]} g6 {[%emt 0:01:57]
} 13. Bb2 {[%emt 0:02:40]} Bg7 {[%emt 0:02:02]} 14. Qd2 {[%emt 0:04:13]} Qe7 {
[%emt 0:03:02]} 15. Rfe1 {[%emt 0:08:06]} Qf8 {[%emt 0:00:34]} 16. Nb5 {
[%emt 0:02:01]} Rec8 {[%emt 0:07:29]} 17. Re2 {[%emt 0:07:54]} a6 {
[%emt 0:00:47]} 18. Nbd4 {[%emt 0:01:00]} Re8 {[%emt 0:01:55]} 19. Rae1 {
[%emt 0:01:16]} Rxe2 {[%emt 0:01:23]} 20. Rxe2 {[%emt 0:00:53]} Re8 {
[%emt 0:01:08]} 21. Qe1 {[%emt 0:06:37]} Rxe2 {[%emt 0:04:24]} 22. Qxe2 {
[%emt 0:00:36]} Nh5 {[%emt 0:04:06]} 23. g3 {[%emt 0:03:24]} Ne5 {
[%emt 0:04:06]} 24. Nxe5 {[%emt 0:02:29]} Bxe5 {[%emt 0:01:45]} 25. Kh2 {
[%emt 0:05:00]} Qh6 {[%emt 0:05:56]} 26. Nc6 {[%emt 0:07:40]} Nf4 {
[%emt 0:08:42]} 27. Qg4 {[%emt 0:13:19]} Nxd3 {[%emt 0:01:02]} 28. Bxe5 {
[%emt 0:03:01]} Nxe5 {[%emt 0:03:16]} 29. Nxe5 {[%emt 0:00:46]} dxe5 {
[%emt 0:00:19]} 30. Qd7 {[%emt 0:00:53]} Qf8 {[%emt 0:02:14]} 31. Qxc7 {
[%emt 0:00:41]} Qc8 {[%emt 0:00:25]} 32. Qxb6 {[%emt 0:01:02]} Kg7 {
[%emt 0:15:35]} 33. a4 {[%emt 0:03:26]} Ba8 {[%emt 0:01:37]} 34. Qa7 {
[%emt 0:02:13]} Kf8 {[%emt 0:07:49]} 35. b5 {[%emt 0:05:26]} axb5 {
[%emt 0:00:31]} 36. axb5 {[%emt 0:00:04]} Ke8 {[%emt 0:02:28]} 37. f3 {
[%emt 0:01:19]} Qb7 {[%emt 0:00:57]} 38. Qe3 {[%emt 0:00:46]} Qc7 {
[%emt 0:00:26]} 39. Qa3 {[%emt 0:00:34]} Bb7 {[%emt 0:00:27]} 40. Qa7 {
[%emt 0:00:22]} Kd8 {[%emt 0:00:24]} 41. d6 {[%emt 0:13:21]} Qxd6 {
[%emt 0:20:12]} 42. Qxb7 {[%emt 0:02:44]} Qd2+ {[%emt 0:00:25]} 43. Kg1 {
[%emt 0:00:44]} Qe1+ {[%emt 0:00:08]} 44. Kg2 {[%emt 0:00:07]} Qe2+ {
[%emt 0:00:13]} 45. Kg1 {[%emt 0:00:07]} Qe1+ {[%emt 0:00:07]} 46. Kg2 {
[%emt 0:02:14]} Qe2+ {[%emt 0:00:08]} 47. Kg1 {[%emt 0:00:14]} Qe1+ {
[%emt 0:00:20]} 48. Kg2 {[%emt 0:00:35]} Qe2+ {[%emt 0:00:13]} 49. Kg1 {
[%emt 0:00:34]} 1/2-1/2

[Event "Wch-U10"]
[Site "Weifang CHN"]
[Date "2019.08.31"]
[Round "10.4"]
[White "Han, Johnathan"]
[Black "Materia, Marco"]
[Result "0-1"]
[WhiteElo "1579"]
[BlackElo "2236"]
[PlyCount "62"]
[EventDate "2019.08.21"]
[EventType "swiss"]
[EventRounds "11"]
[EventCountry "CHN"]
[Source "ChessMix"]
[SourceDate "2019.09.20"]

1. e4 {[%emt 0:00:23]} e5 {[%emt 0:00:09]} 2. Nf3 {[%emt 0:00:17]} Nc6 {
[%emt 0:00:06]} 3. Bc4 {[%emt 0:00:44]} Nf6 {[%emt 0:00:06]} 4. d3 {
[%emt 0:00:30]} h6 {[%emt 0:00:09]} 5. O-O {[%emt 0:00:22]} d6 {[%emt 0:00:07]}
6. a4 {[%emt 0:00:40]} g6 {[%emt 0:01:06]} 7. Nbd2 {[%emt 0:04:42]} Bg7 {
[%emt 0:00:12]} 8. Re1 {[%emt 0:00:42]} O-O {[%emt 0:00:19]} 9. Ba2 {
[%emt 0:03:12]} Nb4 {[%emt 0:01:16]} 10. Bc4 {[%emt 0:00:59]} c5 {
[%emt 0:01:06]} 11. c3 {[%emt 0:00:32]} Nc6 {[%emt 0:00:22]} 12. Ba2 {
[%emt 0:03:33]} Kh8 {[%emt 0:05:05]} 13. Nc4 {[%emt 0:04:00]} Be6 {
[%emt 0:07:19]} 14. Bd2 {[%emt 0:04:08]} a6 {[%emt 0:04:22]} 15. b4 {
[%emt 0:06:54]} b5 {[%emt 0:02:16]} 16. Ne3 {[%emt 0:09:31]} cxb4 {
[%emt 0:10:25]} 17. cxb4 {[%emt 0:00:53]} Rc8 {[%emt 0:03:48]} 18. Bxe6 {
[%emt 0:09:18]} fxe6 {[%emt 0:00:08]} 19. axb5 {[%emt 0:00:29]} axb5 {
[%emt 0:00:07]} 20. Ra6 {[%emt 0:01:19]} Nh5 {[%emt 0:02:14]} 21. Nf1 {
[%emt 0:03:11]} Nf4 {[%emt 0:04:30]} 22. Bxf4 {[%emt 0:09:27]} Rxf4 {
[%emt 0:15:03]} 23. g3 {[%emt 0:12:28]} Rf7 {[%emt 0:10:23]} 24. Ne3 {
[%emt 0:13:21]} Nxb4 {[%emt 0:02:23]} 25. Ra3 {[%emt 0:00:25]} Qf6 {
[%emt 0:01:31]} 26. Nh4 {[%emt 0:03:07]} Qxf2+ {[%emt 0:06:07]} 27. Kh1 {
[%emt 0:00:13]} Nc2 {[%emt 0:00:56]} 28. Re2 {[%emt 0:03:07]} Nxe3 {
[%emt 0:00:20]} 29. Rxf2 {[%emt 0:01:01]} Rxf2 {[%emt 0:00:11]} 30. Nxg6+ {
[%emt 0:01:07]} Kh7 {[%emt 0:00:42]} 31. Qe1 {[%emt 0:01:19]} Rf1+ {
[%emt 0:00:41]} 0-1

[Event "CYCC U08"]
[Site "Sault Ste. Marie CAN"]
[Date "2017.07.06"]
[Round "2"]
[White "Han, Johnathan"]
[Black "Song, Ethan"]
[Result "1-0"]
[WhiteElo "869"]
[BlackElo "1315"]
[PlyCount "73"]
[EventDate "2017.07.06"]
[EventType "swiss"]
[EventRounds "7"]
[EventCountry "CAN"]

1. e4 e5 2. Nf3 Nc6 3. Bc4 Bc5 4. c3 Nf6 5. d4 exd4 6. cxd4 Bb4+ 7. Bd2 Bxd2+
8. Nbxd2 d5 9. exd5 Nxd5 10. O-O O-O 11. Re1 Bf5 12. Qb3 Nb6 13. Bd3 Bxd3 14.
Qxd3 Nb4 15. Qb3 N4d5 16. Rac1 Qf6 17. Ne4 Qg6 18. Ng3 h5 19. Re5 h4 20. Rg5
Qh7 21. Nf5 g6 22. N5xh4 Nf4 23. Rxc7 Rac8 24. Rxc8 Rxc8 25. h3 Kh8 26. Rg4
Ne2+ 27. Kh2 Rc4 28. Re4 Nc1 29. Re8+ Kg7 30. Qe3 Nd7 31. Qg5 Nf8 32. Nf5+ Kg8
33. Qe7 Qg7 34. Nxg7 Kxg7 35. Rxf8 Ne2 36. Rxf7+ Kh6 37. Rh7# 1-0

[Event "CYCC U08"]
[Site "Sault Ste. Marie CAN"]
[Date "2017.07.07"]
[Round "3"]
[White "Liu, Eric"]
[Black "Han, Johnathan"]
[Result "0-1"]
[WhiteElo "1152"]
[BlackElo "869"]
[PlyCount "92"]
[EventDate "2017.07.06"]
[EventType "swiss"]
[EventRounds "7"]
[EventCountry "CAN"]

1. e4 c5 2. Nf3 d6 3. d4 cxd4 4. Nxd4 Nf6 5. Nc3 a6 6. a4 Nc6 7. Nxc6 bxc6 8.
Bc4 e6 9. Bg5 Be7 10. Bxf6 Bxf6 11. Ne2 d5 12. exd5 cxd5 13. Bb3 Bxb2 14. Rb1
Bf6 15. O-O O-O 16. c3 Bd7 17. Bc2 Rb8 18. Qd3 g6 19. Qxa6 Ra8 20. Qb7 Bxa4 21.
Bxa4 Rxa4 22. Qc6 Rc4 23. Qb5 Bxc3 24. Rfc1 Qc7 25. Qb7 Qxb7 26. Rxb7 Rfc8 27.
h3 d4 28. Nxc3 Rxc3 29. Rd1 Rd8 30. Kh2 Kg7 31. Rd2 d3 32. Rbb2 f5 33. Kg3 e5
34. f3 Kf6 35. f4 e4 36. Kf2 g5 37. g3 Rc2 38. Ke3 Rxd2 39. Rxd2 Rc8 40. h4
gxh4 41. gxh4 Rc2 42. Rxc2 dxc2 43. Kd2 Kg6 44. Kxc2 Kh5 45. Kd2 Kxh4 46. Ke2
Kg4 0-1

[Event "CYCC U08"]
[Site "Sault Ste. Marie CAN"]
[Date "2017.07.07"]
[Round "4"]
[White "Han, Johnathan"]
[Black "Chandra, Anand Rishi"]
[Result "1-0"]
[WhiteElo "869"]
[BlackElo "1711"]
[PlyCount "93"]
[EventDate "2017.07.06"]
[EventType "swiss"]
[EventRounds "7"]
[EventCountry "CAN"]

1. e4 c5 2. Nf3 d6 3. d4 cxd4 4. Nxd4 Nf6 5. Nc3 a6 6. f3 Nbd7 7. Be3 e6 8. Qd2
Be7 9. Be2 Qc7 10. O-O-O b5 11. Rde1 Ne5 12. g4 Nfd7 13. h4 Qa5 14. f4 Ng6 15.
h5 Ngf8 16. Nb3 Qc7 17. f5 Bb7 18. Bf3 Ne5 19. Qf2 Nc4 20. h6 g6 21. g5 exf5
22. exf5 gxf5 23. Bxb7 Qxb7 24. Qxf5 Nxe3 25. Qf2 Ne6 26. Kb1 Nc4 27. Ne4 O-O-O
28. Qxf7 Nxg5 29. Nxg5 Bxg5 30. Qf5+ Qd7 31. Qxg5 Rhg8 32. Qh4 Ne5 33. Rhf1 Rg4
34. Qh5 Rc4 35. Nd2 Rc7 36. Qh1 Kb8 37. Qe4 Rdc8 38. c3 Nc4 39. Nxc4 bxc4 40.
Rd1 Rb7 41. Qd5 Qh3 42. Qxd6+ Ka7 43. Qd4+ Ka8 44. Rf6 Qh2 45. Rxa6+ Kb8 46.
Qd6+ Qxd6 47. Raxd6 1-0

[Event "CYCC U08"]
[Site "Sault Ste. Marie CAN"]
[Date "2017.07.08"]
[Round "5"]
[White "Han, Johnathan"]
[Black "Yang, Jingyun (Ryan)"]
[Result "0-1"]
[WhiteElo "869"]
[BlackElo "1267"]
[PlyCount "70"]
[EventDate "2017.07.06"]
[EventType "swiss"]
[EventRounds "7"]
[EventCountry "CAN"]

1. e4 d6 2. d4 Nf6 3. Nc3 Nbd7 4. Nf3 c5 5. d5 g6 6. Bc4 Bg7 7. O-O O-O 8. Be3
Nb6 9. Bb3 c4 10. Bxb6 Qxb6 11. Bxc4 Qxb2 12. Qd2 Ng4 13. Nb5 Bd7 14. Rab1 Qf6
15. h3 Ne5 16. Be2 Nxf3+ 17. Bxf3 Bxh3 18. Qe3 Bd7 19. c4 a6 20. Na3 b5 21.
cxb5 axb5 22. Nxb5 Bxb5 23. Rxb5 Rxa2 24. Rc1 Qh4 25. g3 Qh3 26. Bg2 Qd7 27.
Qb6 Bd4 28. Qc6 Bxf2+ 29. Kf1 Qg4 30. Qc4 Bxg3 31. Qxa2 Qf4+ 32. Kg1 Qxc1+ 33.
Bf1 Qg5 34. Qg2 Qe3+ 35. Kh1 f5 0-1

[Event "CYCC U08"]
[Site "Sault Ste. Marie CAN"]
[Date "2017.07.09"]
[Round "6"]
[White "Georgescu-Nicolau, Luca"]
[Black "Han, Johnathan"]
[Result "0-1"]
[WhiteElo "877"]
[BlackElo "869"]
[PlyCount "158"]
[EventDate "2017.07.06"]
[EventType "swiss"]
[EventRounds "7"]
[EventCountry "CAN"]

1. d4 Nf6 2. Nc3 d5 3. Nf3 e6 4. g3 c5 5. dxc5 Bxc5 6. Bg2 Nc6 7. Bf4 O-O 8.
O-O Re8 9. Ne5 Nxe5 10. Bxe5 Bd6 11. Bxd6 Qxd6 12. e4 Rd8 13. exd5 Nxd5 14.
Nxd5 exd5 15. Re1 Be6 16. Qd2 Qd7 17. Rad1 Bg4 18. f3 Bh3 19. Bxh3 Qxh3 20. c4
d4 21. Re4 h6 22. Rxd4 Rxd4 23. Qxd4 Re8 24. Qg4 Qxg4 25. fxg4 Re2 26. Rb1 Kf8
27. h3 Ke7 28. Kf1 Rc2 29. Re1+ Kd6 30. Re2 Rxc4 31. Kf2 Rc7 32. Rd2+ Ke5 33.
Re2+ Kd4 34. Rd2+ Ke4 35. Re2+ Kd5 36. Rd2+ Kc6 37. Rc2+ Kb6 38. Rxc7 Kxc7 39.
Kf3 Kd6 40. Ke4 g6 41. h4 f6 42. Kf4 Ke6 43. g5 hxg5+ 44. hxg5 f5 45. g4 fxg4
46. Kxg4 Ke5 47. Kh4 Kf5 48. b3 a5 49. a4 b6 50. Kg3 Kxg5 51. Kg2 Kf4 52. Kf2
g5 53. Kg2 Ke3 54. Kg3 Kd3 55. Kg4 Kc3 56. Kxg5 Kxb3 57. Kf6 Kxa4 58. Ke5 Kb4
59. Kd4 a4 60. Kd3 Kb3 61. Kd2 a3 62. Kd3 a2 63. Kd4 a1=Q+ 64. Kd5 Qc3 65. Kd6
Qc4 66. Kd7 Qc5 67. Kd8 Qc6 68. Ke7 Qd5 69. Kf6 Qe4 70. Kg5 Qf3 71. Kg6 Qf4 72.
Kh5 Qg3 73. Kh6 Qg4 74. Kh7 Qg5 75. Kh8 Kc4 76. Kh7 Kd5 77. Kh8 Ke6 78. Kh7 Kf7
79. Kh8 Qg7# 0-1

[Event "CYCC U08"]
[Site "Sault Ste. Marie CAN"]
[Date "2017.07.10"]
[Round "7"]
[White "Han, Johnathan"]
[Black "Ran, Sean"]
[Result "1-0"]
[WhiteElo "869"]
[BlackElo "906"]
[PlyCount "173"]
[EventDate "2017.07.06"]
[EventType "swiss"]
[EventRounds "7"]
[EventCountry "CAN"]

1. e4 e5 2. Nf3 Nc6 3. Bc4 Nf6 4. O-O Nxe4 5. Re1 Nf6 6. Nxe5 Nxe5 7. Rxe5+ Be7
8. Nc3 d6 9. Re1 O-O 10. d4 Re8 11. Bf4 d5 12. Bd3 c5 13. dxc5 Bxc5 14. Bg5 Be6
15. Qf3 Be7 16. Bxf6 Bxf6 17. Rad1 d4 18. Ne4 Bxa2 19. Nxf6+ Qxf6 20. Qxf6
Rxe1+ 21. Rxe1 gxf6 22. b3 Rc8 23. Ra1 Bxb3 24. cxb3 Rc3 25. Bc4 a6 26. Rd1 b5
27. Bd5 a5 28. f3 d3 29. Be4 Rxb3 30. Bxd3 a4 31. Bc2 Rc3 32. Bxa4 bxa4 33. Ra1
a3 34. Ra2 Kf8 35. Kf2 Rb3 36. Kg3 Ke7 37. Kf4 Ke6 38. Ke4 f5+ 39. Kd4 Rb2 40.
Rxa3 Rxg2 41. h3 Rg3 42. Re3+ Kf6 43. f4 Rxe3 44. Kxe3 Kg6 45. Kf3 Kh5 46. Kg3
f6 47. h4 Kg6 48. Kh3 h6 49. Kg3 h5 50. Kf3 Kf7 51. Ke3 Ke6 52. Kd4 Kd6 53. Kc4
Kc6 54. Kd4 Kd6 55. Kc4 Kc6 56. Kd4 Kd6 57. Kc4 Ke6 58. Kc5 Kf7 59. Kd6 Kg6 60.
Ke6 Kg7 61. Kxf5 Kf7 62. Ke4 Kg6 63. f5+ Kg7 64. Kd5 Kf7 65. Kd6 Kg7 66. Ke6
Kh7 67. Kf7 Kh8 68. Kxf6 Kh7 69. Kg5 Kg7 70. Kxh5 Kf6 71. Kg4 Kg7 72. Kg5 Kf7
73. f6 Kf8 74. h5 Kg8 75. Kg6 Kf8 76. f7 Ke7 77. Kg7 Kd7 78. f8=Q Kc6 79. h6
Kd5 80. h7 Ke5 81. h8=R Ke4 82. Rh4+ Ke3 83. Qf4+ Kd3 84. Rh3+ Ke2 85. Qf3+ Kd2
86. Rh2+ Ke1 87. Qe2# 1-0

[Event "CYCC U08"]
[Site "Windsor CAN"]
[Date "2016.07.05"]
[Round "1.128"]
[White "Guo, Yu Chen"]
[Black "Han, Johnathan"]
[Result "1-0"]
[WhiteElo "495"]
[BlackElo "985"]
[PlyCount "67"]
[EventDate "2016.07.05"]
[EventType "swiss"]
[EventRounds "7"]
[EventCountry "CAN"]

1. e4 e5 2. Nf3 Nc6 3. Bc4 h6 4. c3 Bc5 5. d3 d6 6. O-O Nf6 7. h3 O-O 8. Be3
Bxe3 9. fxe3 Bd7 10. Nbd2 a6 11. Bb3 b5 12. Re1 Re8 13. Nf1 Be6 14. Bxe6 fxe6
15. d4 Re7 16. Ng3 Qd7 17. Qd2 Na7 18. Rad1 c6 19. Nh4 Rf7 20. Rf1 d5 21. dxe5
Ne8 22. Rxf7 Qxf7 23. Rf1 Qc7 24. Ng6 Nc8 25. Rf8+ Kh7 26. Rxe8 Kxg6 27. Rxe6+
Kf7 28. exd5 cxd5 29. Qxd5 Kf8 30. Qxa8 Qc5 31. Qf3+ Kg8 32. Re8+ Kh7 33. Qf5+
g6 34. Qf7# 1-0

[Event "CYCC U08"]
[Site "Windsor CAN"]
[Date "2016.07.06"]
[Round "2.122"]
[White "Han, Johnathan"]
[Black "Ripley, Sam"]
[Result "0-1"]
[WhiteElo "985"]
[BlackElo "697"]
[PlyCount "152"]
[EventDate "2016.07.05"]
[EventType "swiss"]
[EventRounds "7"]
[EventCountry "CAN"]

1. e4 c5 2. Nf3 d6 3. Bc4 Nf6 4. Ng5 e6 5. Nc3 d5 6. Be2 d4 7. Nb1 h6 8. Nf3
Nxe4 9. Bb5+ Bd7 10. Bxd7+ Nxd7 11. d3 Nef6 12. c3 dxc3 13. Nxc3 Be7 14. O-O
O-O 15. Re1 Qb6 16. b3 Ng4 17. h3 Ngf6 18. Be3 Rfe8 19. Rb1 Qa6 20. a4 Qa5 21.
Ne4 Nxe4 22. dxe4 Rac8 23. Qxd7 Qb6 24. Qb5 Qxb5 25. axb5 Red8 26. Rbd1 Rd6 27.
Rxd6 Bxd6 28. e5 Be7 29. Rc1 b6 30. g4 Rd8 31. Ra1 Ra8 32. g5 hxg5 33. Bxg5 f6
34. exf6 gxf6 35. Be3 f5 36. Bg5 Bf8 37. Ne5 Bg7 38. Bf4 Bf8 39. h4 Be7 40. h5
Kh7 41. Re1 Bd6 42. Re3 a5 43. bxa6 Rxa6 44. Rg3 b5 45. Rg6 Ra8 46. h6 Bxe5 47.
Rxe6 Bxf4 48. Rf6 Bxh6 49. Rxf5 Rc8 50. Kg2 b4 51. Kg3 c4 52. bxc4 Rxc4 53. Rb5
Bf8 54. f4 Rc3+ 55. Kg4 b3 56. f5 Ba3 57. f6 Kg6 58. Rb6 b2 59. Kf4 Rc1 60. Ke5
b1=Q 61. Rxb1 Rxb1 62. Ke6 Rb6+ 63. Ke5 Rxf6 64. Kd5 Kf5 65. Kc4 Rd6 66. Kb3
Rc6 67. Kxa3 Rb6 68. Ka4 Rb8 69. Ka5 Ke5 70. Ka6 Kd6 71. Ka5 Kc6 72. Ka4 Kc5
73. Ka3 Kc4 74. Ka2 Kc3 75. Ka1 Kc2 76. Ka2 Ra8# 0-1

[Event "CYCC U08"]
[Site "Windsor CAN"]
[Date "2016.07.07"]
[Round "4.123"]
[White "Han, Johnathan"]
[Black "Puri, Aryan"]
[Result "0-1"]
[WhiteElo "985"]
[BlackElo "724"]
[PlyCount "72"]
[EventDate "2016.07.05"]
[EventType "swiss"]
[EventRounds "7"]
[EventCountry "CAN"]

1. e4 e5 2. Nf3 Nc6 3. Bc4 Nf6 4. Nc3 Bc5 5. d3 O-O 6. O-O d6 7. h3 h6 8. a3 a6
9. b4 Bb6 10. Nd5 Ba7 11. Nxf6+ Qxf6 12. Re1 Nd4 13. Re3 Nxc2 14. Qxc2 Bxe3 15.
Bxe3 b5 16. Bd5 Rb8 17. Ba7 Be6 18. Bxb8 Rxb8 19. Bxe6 Qxe6 20. Qa2 Qg6 21. Qd5
Re8 22. Qc6 Re6 23. Qxc7 Rf6 24. Nd2 Qg5 25. Nb3 Rg6 26. g3 Qh5 27. Qc8+ Kh7
28. Rc1 Qf3 29. Rc3 Qd1+ 30. Kg2 Rf6 31. Qg4 Qe1 32. Rc2 Qb1 33. Rc3 Qb2 34.
Rc6 Qxf2+ 35. Kh1 Qf1+ 36. Kh2 Rf2# 0-1

[Event "CYCC U08"]
[Site "Windsor CAN"]
[Date "2016.07.07"]
[Round "5.128"]
[White "Puri, Arjun"]
[Black "Han, Johnathan"]
[Result "0-1"]
[WhiteElo "565"]
[BlackElo "985"]
[PlyCount "64"]
[EventDate "2016.07.05"]
[EventType "swiss"]
[EventRounds "7"]
[EventCountry "CAN"]

1. e4 e5 2. Nf3 Nf6 3. Nc3 Nc6 4. Bc4 Bc5 5. O-O d6 6. d3 h6 7. h3 O-O 8. Na4
a6 9. Nxc5 dxc5 10. Be3 b6 11. Nh4 b5 12. Ng6 bxc4 13. Nxf8 Qxf8 14. dxc4 Be6
15. b4 Bxc4 16. Bxc5 Qd8 17. Qxd8+ Rxd8 18. Rad1 Rxd1 19. Rxd1 Nxe4 20. Rd8+
Kh7 21. Be3 Nxd8 22. b5 axb5 23. a3 f5 24. a4 bxa4 25. Bc5 Nxc5 26. g4 a3 27.
gxf5 a2 28. f6 a1=Q+ 29. Kg2 Bd5+ 30. Kh2 Qh1+ 31. Kg3 Qg2+ 32. Kh4 Qg5# 0-1

[Event "CYCC U08"]
[Site "Windsor CAN"]
[Date "2016.07.08"]
[Round "6.125"]
[White "Han, Johnathan"]
[Black "Mane, Arnav"]
[Result "0-1"]
[WhiteElo "985"]
[BlackElo "675"]
[PlyCount "92"]
[EventDate "2016.07.05"]
[EventType "swiss"]
[EventRounds "7"]
[EventCountry "CAN"]

1. e4 d5 2. exd5 Qxd5 3. Nc3 Qa5 4. d3 Nf6 5. Nf3 Bg4 6. Be2 Nc6 7. Bf4 O-O-O
8. O-O Qh5 9. Re1 Nd5 10. Nxd5 Rxd5 11. c4 Rf5 12. Qd2 e5 13. Be3 Bd6 14. d4
exd4 15. Bxd4 Bxf3 16. Bxf3 Qxh2+ 17. Kf1 Qh1+ 18. Ke2 Nxd4+ 19. Qxd4 Re5+ 20.
Kd3 Qh6 21. Rxe5 Bxe5 22. Qxe5 Qg6+ 23. Qe4 Rd8+ 24. Ke3 Qb6+ 25. Kf4 Rd4 26.
Qxd4 Qxd4+ 27. Kg3 g5 28. Bg4+ Kb8 29. Rd1 Qf4+ 30. Kh3 a6 31. f3 f5 32. g3
fxg4+ 33. fxg4 Qxc4 34. Rd8+ Ka7 35. b3 Qf1+ 36. Kh2 Qf2+ 37. Kh1 Qxg3 38. a3
Qxb3 39. Rd7 Qf3+ 40. Kg1 Qxg4+ 41. Kh2 Qxd7 42. Kg1 h5 43. Kh2 Qd2+ 44. Kg1 h4
45. Kh1 h3 46. Kg1 Qg2# 0-1

[Event "CYCC U08"]
[Site "Windsor CAN"]
[Date "2016.07.08"]
[Round "7.126"]
[White "Yuan, Daniel"]
[Black "Han, Johnathan"]
[Result "1-0"]
[WhiteElo "855"]
[BlackElo "985"]
[PlyCount "113"]
[EventDate "2016.07.05"]
[EventType "swiss"]
[EventRounds "7"]
[EventCountry "CAN"]

1. e4 e5 2. Nf3 Nc6 3. d4 exd4 4. Bc4 h6 5. O-O Nf6 6. c3 dxc3 7. Nxc3 Bc5 8.
Bf4 d6 9. Bb5 a6 10. Ba4 b5 11. Bb3 O-O 12. Bd5 Bb7 13. e5 dxe5 14. Nxe5 Nxe5
15. Bxb7 Qxd1 16. Raxd1 Rab8 17. Bxe5 Rxb7 18. Bxf6 gxf6 19. Nd5 f5 20. Rfe1 c6
21. Nf6+ Kg7 22. Nh5+ Kg6 23. Re5 Rg8 24. Rxc5 Kxh5 25. Rxf5+ Kg6 26. Rc5 Rc7
27. Rd6+ Kg7 28. g4 Rgc8 29. Kg2 f6 30. f4 Re8 31. Rcxc6 Rxc6 32. Rxc6 Re4 33.
Rc7+ Kg8 34. Kf3 Ra4 35. a3 Rc4 36. Rxc4 bxc4 37. Ke4 Kg7 38. Kd4 Kg6 39. Kxc4
f5 40. b4 fxg4 41. a4 h5 42. b5 axb5+ 43. axb5 h4 44. b6 g3 45. hxg3 hxg3 46.
b7 g2 47. b8=Q g1=Q 48. Qg8+ Kf5 49. Qxg1 Kxf4 50. Qg2 Ke5 51. Qf3 Kd6 52. Qe4
Kd7 53. Qe5 Kc6 54. Qe7 Kb6 55. Qd7 Ka6 56. Kc5 Ka5 57. Qb5# 1-0